Normal view
MARC view
- Hassan Pervaiz (00000170392)
Entry Personal Name
001 - CONTROL NUMBER
- control field: 116448
003 - CONTROL NUMBER IDENTIFIER
- control field: NUST
005 - DATE AND TIME OF LATEST TRANSACTION
- control field: 20230912165947.0
008 - FIXED-LENGTH DATA ELEMENTS
- fixed length control field: 230912|| aca||aabn | a|a d
040 ## - CATALOGING SOURCE
- Original cataloging agency: NUST
- Transcribing agency: NUST
100 ## - HEADING--PERSONAL NAME
- Personal name: Hassan Pervaiz (00000170392)
670 ## - SOURCE DATA FOUND
- Source citation: Work cat.: (NUST): Hassan Pervaiz (00000170392), Method for Contactless Power Harvesting from Medium and High Voltage Power lines (11kV and above) /, 2019
